| 000 | 00675nam a2200205Ia 4500 | ||
|---|---|---|---|
| 001 | 11830 | ||
| 003 | GE_BSU | ||
| 008 | 181216s||||||||xx |||||||||||||| ||und|| | ||
| 040 | _cGE_BSU | ||
| 080 | _a502.1(479.22) | ||
| 100 | _aკეცხოველი,ნ. | ||
| 245 | _aმკერდში დაჭრილი ბუნება | ||
| 245 | _cმხატვ.ი.კლიმიაშვილი | ||
| 260 | _aთბილისი | ||
| 260 | _bთბილისის უნ–ტის გამ–ბა | ||
| 260 | _c1973 | ||
| 300 | _a123გვ.26სმ.ილ. | ||
| 653 | _aმკერდში დაჭრილი ბუნება | ||
| 942 | _cBK | ||
| 999 |
_c45009 _d45009 |
||